Fábulas completas / (Record no. 61672)

MARC details
000 -LEADER
campo de control de longitud fija 00826nam a2200241 i 4500
001 - NÚMERO DE CONTROL
campo de control 61672
003 - IDENTIFICADOR DE NÚMERO DE CONTROL
campo de control ES-MaACL
005 - FECHA Y HORA DE LA ÚLTIMA TRANSACCIÓN
campo de control 20251201193351.0
007 - CAMPO FIJO DE DESCRIPCIÓN FÍSICA--INFORMACIÓN GENERAL
campo de control de longitud fija t|
008 - DATOS DE LONGITUD FIJA--INFORMACIÓN GENERAL
campo de control de longitud fija 031113q1954 sp ||||1| spa d
245 00 - MENCIÓN DEL TÍTULO
Título Fábulas completas /
Mención de responsabilidad, etc. Esopo, Fedro, La Fontaine, Iriarte y Samaniego ; traducción, noticias y notas de Juan y José Bergua.
260 ## - PUBLICACIÓN, DISTRIBUCIÓN, ETC.
Lugar de publicación, distribución, etc. Madrid :
Nombre del editor, distribuidor, etc. Ed. Ibéricas,
Fecha de publicación, distribución, etc. [1954?] (
Fabricante Sèz)
300 ## - DESCRIPCIÓN FÍSICA
Extensión 640 p. ;
Dimensiones 16 cm.
700 0# - ENTRADA AGREGADA--NOMBRE PERSONAL
Nombre de persona Esopo
9 (RLIN) 47736
700 1# - ENTRADA AGREGADA--NOMBRE PERSONAL
Nombre de persona Fedro.
9 (RLIN) 49082
700 1# - ENTRADA AGREGADA--NOMBRE PERSONAL
Nombre de persona La Fontaine, Jean de,
Fechas asociadas al nombre 1621-1695
9 (RLIN) 69147
700 1# - ENTRADA AGREGADA--NOMBRE PERSONAL
Nombre de persona Iriarte, Tomás de (
Fechas asociadas al nombre 1750-1791)
9 (RLIN) 65443
700 1# - ENTRADA AGREGADA--NOMBRE PERSONAL
Nombre de persona Samaniego, Félix María de.
9 (RLIN) 102153
700 1# - ENTRADA AGREGADA--NOMBRE PERSONAL
Nombre de persona Bergua, Juan B.,
Fechas asociadas al nombre 1892-1991
9 (RLIN) 28018
700 1# - ENTRADA AGREGADA--NOMBRE PERSONAL
Nombre de persona Bergua, José.
9 (RLIN) 28017
852 ## - LOCALIZACIÓN
Ubicación ES-MaACL
Número de control de estantería C-10119
Sublocalización o colección R.37202
Holdings
Estatus retirado Estado de pérdida Estado de daño No para préstamo Biblioteca de origen Biblioteca actual Ubicación en estantería Fecha de adquisición Fuente de adquisición Total de préstamos Signatura topográfica completa Código de barras Visto por última vez Precio de reemplazo Tipo de ítem Koha
        Biblioteca del Ateneo de Madrid Biblioteca del Ateneo de Madrid Sala Palomar 17/01/2008     C-10119 1064667 23/02/2023 23/02/2023 Libro impreso